[Event "CZE-chT2C 2223"]
[Site "Czech Republic"]
[Date "2022.12.18"]
[Round "5.6"]
[White "Bares, Jachym"]
[Black "Lastovka, Jan"]
[Result "0-1"]
[WhiteElo "2099"]
[BlackElo "2065"]
[PlyCount "52"]
[EventDate "2022.10.16"]
[EventType "team-tourn"]
[EventRounds "11"]
[EventCountry "CZE"]
[SourceTitle "EXT 2024"]
[Source "ChessBase"]
[SourceDate "2023.10.10"]
[SourceVersion "1"]
[SourceVersionDate "2023.10.10"]
[SourceQuality "1"]
[WhiteTeam "Praha DDM"]
[BlackTeam "Liberec"]
[WhiteTeamCountry "CZE"]
[BlackTeamCountry "CZE"]

1. e4 Nf6 2. e5 Nd5 3. d4 d6 4. Nf3 Bg4 5. Be2 e6 6. 0-0 Be7 7. c4 Nb6 8. Nc3 0-0 9. exd6 cxd6 10. d5 e5 11. Nd2 Bxe2 12. Qxe2 f5 13. f4 N8d7 14. Nf3 Bf6 15. Nb5 Nc5 16. Be3 Ne4 17. c5 exf4 18. Bxf4 Nxc5 19. Nxd6 Ne4 20. Nxf5 Qxd5 21. Ne3 Qe6 22. Bc7 Rae8 23. Nc2 Nd5 24. Ba5 Qc6 25. Bb4 Nxb4 26. Nxb4 Qc5+ 0-1

[Event "CZE-chT2C 1819"]
[Site "Czech Republic"]
[Date "2019.01.27"]
[Round "7.5"]
[White "Lastovka, Jan"]
[Black "Hosticka, Frantisek"]
[Result "0-1"]
[WhiteElo "2080"]
[BlackElo "2144"]
[PlyCount "60"]
[EventDate "2018.10.14"]
[EventType "team-tourn"]
[EventRounds "11"]
[EventCountry "CZE"]
[SourceTitle "EXT 2022"]
[Source "ChessBase"]
[SourceDate "2021.10.06"]
[SourceVersion "1"]
[SourceVersionDate "2021.10.06"]
[SourceQuality "1"]
[WhiteTeam "Liberec Desko"]
[BlackTeam "Praha Mahrla"]
[WhiteTeamCountry "CZE"]
[BlackTeamCountry "CZE"]

1. e4 Nf6 2. e5 Nd5 3. d4 d6 4. c4 Nb6 5. exd6 exd6 6. Nc3 Be7 7. Be3 0-0 8. Rc1 Nc6 9. b3 Bg5 10. Nf3 Bxe3 11. fxe3 Bg4 12. Kf2 Nd7 13. Bd3 f5 14. g3 Nf6 15. h3 Bxf3 16. Qxf3 Nb4 17. Bb1 c6 18. Kg2 Qe7 19. a3 Na6 20. Rce1 g6 21. g4 fxg4 22. hxg4 Nc7 23. Qg3 Ne6 24. Rhf1 Rae8 25. Re2 d5 26. cxd5 Nxd5 27. Nxd5 cxd5 28. Rxf8+ Rxf8 29. Qe5 Qf7 30. Qxd5 Nf4+ 0-1

[Event "CZE-chT2B 1617"]
[Site "Czech Republic"]
[Date "2016.10.30"]
[Round "2.3"]
[White "Vagner, Tomas"]
[Black "Lastovka, Jan"]
[Result "1-0"]
[WhiteElo "2205"]
[BlackElo "2079"]
[PlyCount "89"]
[EventDate "2016.10.09"]
[EventType "team-tourn"]
[EventRounds "11"]
[EventCountry "CZE"]
[SourceTitle "EXT 2022"]
[Source "ChessBase"]
[SourceDate "2021.10.06"]
[SourceVersion "1"]
[SourceVersionDate "2021.10.06"]
[SourceQuality "1"]
[WhiteTeam "Most Chess"]
[BlackTeam "Liberec Desko"]
[WhiteTeamCountry "CZE"]
[BlackTeamCountry "CZE"]

1. e4 Nf6 2. e5 Nd5 3. d4 d6 4. c4 Nb6 5. exd6 cxd6 6. Nc3 g6 7. Be3 Bg7 8. Qd2 Nc6 9. Nf3 Bg4 10. h3 Bxf3 11. gxf3 0-0 12. f4 d5 13. cxd5 Nxd5 14. Bg2 e6 15. Nxd5 exd5 16. h4 Re8 17. 0-0-0 Rc8 18. Kb1 f5 19. Rc1 b6 20. h5 Qd6 21. hxg6 hxg6 22. Qd3 a5 23. Qb5 Ne7 24. Rc3 Kf7 25. Rhc1 Ke6 26. Re1 Kf7 27. Rec1 Ke6 28. Qa6 Ra8 29. Qb5 Rac8 30. a3 Bf6 31. Bf1 Red8 32. Rb3 Rxc1+ 33. Kxc1 Rb8 34. Qa6 Bg7 35. Kb1 Kf7 36. Qa7 Ke6 37. Rc3 Bf6 38. Rc7 Rh8 39. Ba6 Rh1+ 40. Ka2 Rh8 41. Rb7 Nc6 42. Qxb6 Rh7 43. Rxh7 Nb4+ 44. Qxb4 axb4 45. Bc8+ 1-0

[Event "CZE-chT2B 1314"]
[Site "Czech Republic"]
[Date "2014.02.02"]
[Round "7.6"]
[White "Ksana, Vaclav"]
[Black "Lastovka, Jan"]
[Result "1-0"]
[WhiteElo "2101"]
[BlackElo "2136"]
[PlyCount "107"]
[EventDate "2013.11.03"]
[EventType "team-tourn"]
[EventRounds "11"]
[EventCountry "CZE"]
[SourceTitle "EXT 2015"]
[Source "ChessBase"]
[SourceDate "2014.11.20"]
[SourceVersion "1"]
[SourceVersionDate "2014.11.20"]
[SourceQuality "1"]
[WhiteTeam "Most Chess"]
[BlackTeam "Liberec Desko"]
[WhiteTeamCountry "CZE"]
[BlackTeamCountry "CZE"]

1. e4 Nf6 2. e5 Nd5 3. g3 d6 4. exd6 cxd6 5. Bg2 Nf6 6. d4 d5 7. Ne2 Nc6 8. 0-0 g6 9. Nbc3 Bg7 10. Nf4 e6 11. Nce2 0-0 12. Nd3 b6 13. c3 Bb7 14. Bf4 Qe7 15. Qc1 Rfe8 16. Bg5 Qf8 17. Bxf6 Bxf6 18. f4 Bg7 19. Ne5 Qd6 20. Nxc6 Bxc6 21. Qd2 a5 22. Nc1 Reb8 23. Re1 b5 24. a3 Be8 25. Nd3 Qb6 26. b4 axb4 27. Nxb4 Ra4 28. g4 Qd8 29. f5 Bd7 30. fxe6 fxe6 31. Nd3 Rba8 32. Nc5 Rxa3 33. Rxa3 Rxa3 34. Qb2 Qh4 35. Rf1 Ra7 36. Qe2 Qd8 37. Nxe6 Bxe6 38. Qxe6+ Kh8 39. Re1 Bf6 40. Bxd5 b4 41. Rf1 Kg7 42. cxb4 Bxd4+ 43. Kg2 Qg5 44. h4 Qd8 45. g5 Rc7 46. Rf7+ Rxf7 47. Qxf7+ Kh8 48. b5 Qc8 49. Qf4 Qc2+ 50. Kh3 Qc3+ 51. Bf3 Qc8+ 52. Kg3 Qd8 53. Bd5 Bb6 54. Qe5+ 1-0

[Event "CZE-chT2B 1314"]
[Site "Czech Republic"]
[Date "2014.01.19"]
[Round "6.5"]
[White "Petr, Jan1111"]
[Black "Lastovka, Jan"]
[Result "1-0"]
[WhiteElo "2112"]
[BlackElo "2136"]
[PlyCount "101"]
[EventDate "2013.11.03"]
[EventType "team-tourn"]
[EventRounds "11"]
[EventCountry "CZE"]
[SourceTitle "EXT 2015"]
[Source "ChessBase"]
[SourceDate "2014.11.20"]
[SourceVersion "1"]
[SourceVersionDate "2014.11.20"]
[SourceQuality "1"]
[WhiteTeam "Praha Bohemians II"]
[BlackTeam "Liberec Desko"]
[WhiteTeamCountry "CZE"]
[BlackTeamCountry "CZE"]

1. e4 Nf6 2. e5 Nd5 3. d4 d6 4. c4 Nb6 5. exd6 cxd6 6. Nc3 g6 7. Be3 Bg7 8. Rc1 0-0 9. b3 Nc6 10. Be2 f5 11. d5 Ne5 12. f4 Ng4 13. Bd4 e5 14. dxe6 Bxe6 15. Nf3 Re8 16. 0-0 Bf7 17. Re1 h6 18. Bxg7 Kxg7 19. Qd4+ Qf6 20. Nb5 Rad8 21. Nxa7 Nd7 22. Nb5 Nc5 23. h3 Qxd4+ 24. Nfxd4 Nf6 25. Bf3 Nfe4 26. Red1 Kf6 27. Nc2 b6 28. Nb4 g5 29. Nc7 Rg8 30. Nbd5+ Bxd5 31. Nxd5+ Kf7 32. fxg5 Nxg5 33. Bh5+ Kf8 34. Rf1 Nxh3+ 35. Kh2 Ng5 36. Rxf5+ Kg7 37. Re1 Nce4 38. Rf4 Rb8 39. Rexe4 Nxe4 40. Rxe4 Rb7 41. Rg4+ Kf8 42. Rxg8+ Kxg8 43. a4 Kf8 44. Kg1 Kg8 45. Kf2 Kf8 46. Ke3 Rg7 47. Bf3 Rb7 48. Kd4 Kf7 49. Kc3 Rb8 50. Kb4 Ke6 51. Kb5 1-0

[Event "CZE-chT2B 1314"]
[Site "Czech Republic"]
[Date "2013.11.03"]
[Round "1.7"]
[White "Pilar, Miloslav"]
[Black "Lastovka, Jan"]
[Result "1/2-1/2"]
[WhiteElo "2254"]
[BlackElo "2136"]
[PlyCount "82"]
[EventDate "2013.11.03"]
[EventType "team-tourn"]
[EventRounds "11"]
[EventCountry "CZE"]
[SourceTitle "EXT 2015"]
[Source "ChessBase"]
[SourceDate "2014.11.20"]
[SourceVersion "1"]
[SourceVersionDate "2014.11.20"]
[SourceQuality "1"]
[WhiteTeam "Vysehrad"]
[BlackTeam "Liberec Desko"]
[WhiteTeamCountry "CZE"]
[BlackTeamCountry "CZE"]

1. d4 d5 2. Nf3 e6 3. c4 c5 4. cxd5 exd5 5. e3 Nc6 6. Be2 Nf6 7. 0-0 Be7 8. b3 0-0 9. Bb2 Ne4 10. dxc5 Bxc5 11. Nc3 Be6 12. Nb5 Qb6 13. Nbd4 Rac8 14. Rc1 a6 15. a3 Rfd8 16. b4 Be7 17. Qb3 Bf6 18. Rfd1 h6 19. Nxc6 Rxc6 20. Bxf6 Nxf6 21. Nd4 Rc7 22. Qb2 Rdc8 23. f3 a5 24. Rxc7 Rxc7 25. Rc1 Rxc1+ 26. Qxc1 axb4 27. Qb2 b3 28. Qxb3 Qxb3 29. Nxb3 b6 30. Kf2 Kf8 31. Ke1 Ke7 32. Kd2 Kd6 33. Nd4 Bd7 34. Kc3 Ne8 35. Bd3 Nc7 36. Bf5 Ne6 37. Bd3 Nc7 38. Bf5 Be8 39. Bc8 Nb5+ 40. Nxb5+ Bxb5 41. Kd4 Bf1 1/2-1/2

[Event "CZE-chT2B 1213"]
[Site "Czech Republic"]
[Date "2012.12.02"]
[Round "4.6"]
[White "Marsalek, Zdenek"]
[Black "Lastovka, Jan"]
[Result "0-1"]
[WhiteElo "2240"]
[BlackElo "2141"]
[PlyCount "82"]
[EventDate "2012.10.14"]
[EventType "team-tourn"]
[EventRounds "11"]
[EventCountry "CZE"]
[SourceTitle "EXT 2015"]
[Source "ChessBase"]
[SourceDate "2014.11.20"]
[SourceVersion "1"]
[SourceVersionDate "2014.11.20"]
[SourceQuality "1"]
[WhiteTeam "Turnov Zikuda II"]
[BlackTeam "Liberec Desko"]
[WhiteTeamCountry "CZE"]
[BlackTeamCountry "CZE"]

1. d4 d5 2. Nf3 Nf6 3. g3 e6 4. Bg2 c5 5. 0-0 Nc6 6. c4 Be7 7. cxd5 exd5 8. Nc3 0-0 9. h3 h6 10. Be3 c4 11. Ne5 Qa5 12. Qd2 Rd8 13. g4 Bb4 14. a3 Bxc3 15. bxc3 Nxe5 16. dxe5 Ne4 17. Qd1 Nxc3 18. Bd2 d4 19. Rc1 Be6 20. Qe1 Qxa3 21. e3 Na2 22. exd4 Nxc1 23. Bxc1 Qa1 24. Qb4 Qxd4 25. Be3 Qxe5 26. Re1 a5 27. Qb1 Qc3 28. Rc1 Qb3 29. Qa1 c3 30. Bf3 c2 31. Kh2 a4 32. Qe5 a3 33. Be4 Qb2 34. Qf4 a2 35. Rxc2 Qxc2 36. Bxc2 a1Q 37. Qe4 g6 38. Bxh6 Qd4 39. Qf3 Ra2 40. Be3 Qe5+ 41. Bf4 Qc5 0-1

[Event "CZE-chT2C 1112"]
[Site "Czech Republic"]
[Date "2012.02.19"]
[Round "8.5"]
[White "Jandovsky, Viktor"]
[Black "Lastovka, Jan"]
[Result "0-1"]
[WhiteElo "2163"]
[BlackElo "2134"]
[PlyCount "98"]
[EventDate "2011.10.09"]
[EventType "team-tourn"]
[EventRounds "11"]
[EventCountry "CZE"]
[SourceTitle "EXT 2013"]
[Source "ChessBase"]
[SourceDate "2012.11.22"]
[SourceVersion "1"]
[SourceVersionDate "2012.11.22"]
[SourceQuality "1"]
[WhiteTeam "Pankrac II"]
[BlackTeam "Liberec"]
[WhiteTeamCountry "CZE"]
[BlackTeamCountry "CZE"]

1. e4 Nf6 2. e5 Nd5 3. d4 d6 4. Nf3 dxe5 5. Nxe5 g6 6. Be2 Bg7 7. 0-0 0-0 8. c4 Nb6 9. Nc3 N8d7 10. Bf4 c6 11. Re1 Nxe5 12. Bxe5 Be6 13. b3 Bxe5 14. dxe5 Qc7 15. Bg4 Rad8 16. Qe2 Bxg4 17. Qxg4 Rd3 18. Rac1 Rfd8 19. f4 Nd7 20. Ne4 Nf8 21. Rcd1 Qb6+ 22. Kf1 Rxd1 23. Rxd1 Rxd1+ 24. Qxd1 Qe3 25. Qf3 Qxf3+ 26. gxf3 Ne6 27. f5 gxf5 28. Ng3 f4 29. Nf5 Kf8 30. Ke2 Nc5 31. Nd4 e6 32. a4 Kg7 33. Kd2 Kg6 34. a5 a6 35. b4 Nd7 36. Kc3 Nxe5 37. Nb3 Nd7 38. c5 e5 39. Nd2 Nf6 40. Nc4 Nd5+ 41. Kb3 f6 42. Nd6 f5 43. Kc4 e4 44. fxe4 fxe4 45. Nxe4 Kf5 46. Nd6+ Kg4 47. Kd3 f3 48. Nxb7 Kh3 49. Nd6 f2 0-1

[Event "CZE-chT2C 1112"]
[Site "Czech Republic"]
[Date "2012.01.22"]
[Round "6.6"]
[White "Lastovka, Jan"]
[Black "Rut, Vojtech"]
[Result "1-0"]
[WhiteElo "2134"]
[BlackElo "1998"]
[PlyCount "55"]
[EventDate "2011.10.09"]
[EventType "team-tourn"]
[EventRounds "11"]
[EventCountry "CZE"]
[SourceTitle "EXT 2013"]
[Source "ChessBase"]
[SourceDate "2012.11.22"]
[SourceVersion "1"]
[SourceVersionDate "2012.11.22"]
[SourceQuality "1"]
[WhiteTeam "Liberec"]
[BlackTeam "Vysehrad II"]
[WhiteTeamCountry "CZE"]
[BlackTeamCountry "CZE"]

1. e4 c5 2. b3 Nc6 3. Bb2 d6 4. Bb5 Bd7 5. Nf3 Nf6 6. d3 g6 7. Bxc6 Bxc6 8. e5 dxe5 9. Bxe5 Bg7 10. 0-0 0-0 11. Qe2 Re8 12. Nbd2 Qd5 13. Rfe1 Rad8 14. Rad1 b6 15. h3 Bb7 16. Nc4 Nd7 17. Bxg7 Kxg7 18. d4 Qf5 19. d5 Nf6 20. Ne3 Qe4 21. c4 e6 22. Qb2 Qf4 23. Ne5 exd5 24. Nxd5 Bxd5 25. cxd5 Kg8 26. d6 Ne4 27. Ng4 Re6 28. Rxe4 1-0

[Event "CZE-chT2C 1011"]
[Site "Czech Republic"]
[Date "2011.02.06"]
[Round "7.7"]
[White "Lastovka, Jan"]
[Black "Horinek, Karel"]
[Result "1-0"]
[WhiteElo "2144"]
[BlackElo "2054"]
[PlyCount "77"]
[EventDate "2010.10.17"]
[EventType "team-tourn"]
[EventRounds "11"]
[EventCountry "CZE"]
[SourceTitle "EXT 2012"]
[Source "ChessBase"]
[SourceDate "2011.11.24"]
[SourceVersion "1"]
[SourceVersionDate "2011.11.24"]
[SourceQuality "1"]
[WhiteTeam "Liberec"]
[BlackTeam "Neratovice"]
[WhiteTeamCountry "CZE"]
[BlackTeamCountry "CZE"]

1. e4 c5 2. b3 Nc6 3. Bb2 d6 4. Bb5 Bd7 5. Nc3 Nf6 6. a4 e6 7. f4 a6 8. Bc4 Be7 9. Nf3 0-0 10. 0-0 Nd4 11. e5 Nxf3+ 12. Rxf3 Ne8 13. Rh3 d5 14. Qh5 h6 15. Bd3 c4 16. Be2 cxb3 17. cxb3 Bc6 18. d4 Rc8 19. Nd1 b5 20. a5 Bd7 21. Ne3 f5 22. g4 Rf7 23. g5 Bxg5 24. fxg5 Qxg5+ 25. Qxg5 hxg5 26. Bd3 g4 27. Rh4 g5 28. Rh5 Rg7 29. Rc1 Kf7 30. Rxc8 Bxc8 31. Bc1 Kg6 32. Rh8 Rc7 33. Bd2 Kf7 34. Ng2 f4 35. Rh5 Ng7 36. Rxg5 Nf5 37. Rxg4 Nxd4 38. Rxf4+ Nf5 39. Nh4 1-0

[Event "CZE-chT2C 1011"]
[Site "Czech Republic"]
[Date "2011.01.09"]
[Round "5.8"]
[White "Matonoha, Ctirad"]
[Black "Lastovka, Jan"]
[Result "1-0"]
[WhiteElo "2029"]
[BlackElo "2144"]
[PlyCount "81"]
[EventDate "2010.10.17"]
[EventType "team-tourn"]
[EventRounds "11"]
[EventCountry "CZE"]
[SourceTitle "EXT 2012"]
[Source "ChessBase"]
[SourceDate "2011.11.24"]
[SourceVersion "1"]
[SourceVersionDate "2011.11.24"]
[SourceQuality "1"]
[WhiteTeam "Hradec Kralove II"]
[BlackTeam "Liberec"]
[WhiteTeamCountry "CZE"]
[BlackTeamCountry "CZE"]

1. d4 d5 2. c4 e6 3. Nc3 c5 4. e3 Nf6 5. Nf3 Nc6 6. a3 cxd4 7. exd4 Be7 8. Bd3 0-0 9. 0-0 a6 10. c5 Qc7 11. Re1 b6 12. b4 Bb7 13. Bg5 Rfd8 14. b5 Nxd4 15. Nxd4 bxc5 16. Nf3 d4 17. Bxf6 Bxf6 18. Ne4 c4 19. b6 Qxb6 20. Bxc4 Be7 21. Qd3 h6 22. Rec1 Qc6 23. Re1 Rac8 24. Rac1 Qa4 25. Nxd4 e5 26. Qb3 Qxb3 27. Nxb3 Bxa3 28. Nec5 Ba8 29. Rc2 Kf8 30. Bxa6 Rc6 31. Bb5 Rcd6 32. Nd7+ Kg8 33. Nxe5 Rd1 34. Rxd1 Rxd1+ 35. Bf1 Bb7 36. Nc4 Bb4 37. Ne3 Rb1 38. Nd2 Re1 39. Rb2 Bxd2 40. Rxd2 Ba6 41. Rd1 1-0

[Event "CZE-chT2C 1011"]
[Site "Czech Republic"]
[Date "2010.11.07"]
[Round "2.7"]
[White "Rigo, Imrich"]
[Black "Lastovka, Jan"]
[Result "0-1"]
[WhiteElo "1992"]
[BlackElo "2144"]
[PlyCount "134"]
[EventDate "2010.10.17"]
[EventType "team-tourn"]
[EventRounds "11"]
[EventCountry "CZE"]
[SourceTitle "EXT 2012"]
[Source "ChessBase"]
[SourceDate "2011.11.24"]
[SourceVersion "1"]
[SourceVersionDate "2011.11.24"]
[SourceQuality "1"]
[WhiteTeam "Bakov nad Jizerou"]
[BlackTeam "Liberec"]
[WhiteTeamCountry "CZE"]
[BlackTeamCountry "CZE"]

1. e4 Nf6 2. Nc3 d5 3. exd5 Nxd5 4. Bc4 Nb6 5. Bb3 Nc6 6. Nf3 Bf5 7. d3 e6 8. h3 Be7 9. 0-0 0-0 10. Re1 Qd7 11. Qe2 Rfe8 12. Ne4 Nd5 13. Ba4 f6 14. Bxc6 Qxc6 15. Nd4 Qd7 16. Bd2 Bg6 17. Nc3 e5 18. Nb3 Rad8 19. Qf3 b6 20. Nxd5 Qxd5 21. Qxd5+ Rxd5 22. Re2 Bd6 23. Rae1 Kf8 24. Bc3 c5 25. a4 Bc7 26. Nd2 Rd7 27. b3 Rde7 28. f3 Re6 29. Kf1 R8e7 30. Kg1 Ke8 31. Kf1 Kd7 32. Nc4 Kc6 33. Nd2 a6 34. Kg1 Re8 35. Ra1 h6 36. Kf2 Bh7 37. Rae1 Kd5 38. Ra1 h5 39. Nc4 g6 40. Ne3+ Kc6 41. Nc4 g5 42. Rae1 h4 43. Kf1 b5 44. Nd2 f5 45. axb5+ axb5 46. b4 cxb4 47. Bxb4 Ra8 48. Nb3 Kd5 49. Rc1 Ree8 50. Bd2 Rg8 51. c4+ bxc4 52. dxc4+ Kc6 53. Bc3 Rge8 54. Nd2 e4 55. Rce1 Bg3 56. Rd1 exf3 57. Nxf3 Rxe2 58. Kxe2 g4 59. Nd2 Bg6 60. Rf1 gxh3 61. gxh3 f4 62. Nf3 Ra2+ 63. Bd2 Kc5 64. Rc1 Bh5 65. Rc3 Ra4 66. Rd3 Rxc4 67. Rd8 Re4+ 0-1

[Event "CZE-chT2b 0001"]
[Site "Czech Republic"]
[Date "2001.??.??"]
[Round "?"]
[White "Kozak, Milos"]
[Black "Lastovka, Jan"]
[Result "1-0"]
[WhiteElo "2245"]
[BlackElo "2175"]
[PlyCount "78"]
[EventDate "2000.??.??"]
[EventType "team"]
[EventRounds "11"]
[EventCountry "CZE"]
[SourceTitle "EXT 2003"]
[Source "ChessBase"]
[SourceDate "2002.11.25"]
[SourceVersion "1"]
[SourceVersionDate "2002.11.25"]
[SourceQuality "1"]

1. d4 d5 2. c4 e6 3. Nc3 c5 4. e3 Nf6 5. Nf3 Nc6 6. cxd5 exd5 7. Be2 Be6 8. 0-0 Be7 9. dxc5 Bxc5 10. b3 0-0 11. Bb2 a6 12. Na4 Bd6 13. Nd4 Ne4 14. Nxc6 bxc6 15. Qd4 f6 16. Qb6 Qd7 17. Qd4 Rab8 18. Qd1 a5 19. Rc1 Rfc8 20. Bd3 Qc7 21. h3 Bf5 22. Bd4 Qe7 23. Bxe4 Qxe4 24. Nc5 Qh4 25. Qf3 Bg6 26. Rc3 Re8 27. Rfc1 Re7 28. Na6 Ra8 29. Rxc6 Be4 30. Qg4 Qxg4 31. hxg4 Ba3 32. Rc8+ Rxc8 33. Rxc8+ Kf7 34. f3 Bd3 35. Bc5 Bxa6 36. Bxe7 Bxe7 37. Ra8 Bd3 38. Rxa5 Ke6 39. Kf2 g6 1-0